A straightforward guide to buying and selling a home in Britain and France (Record no. 102558)

MARC details
000 -LEADER
fixed length control field 01139cam a2200253 4500
008 - FIXED-LENGTH DATA ELEMENTS--GENERAL INFORMATION
fixed length control field 021212n2002 000 0 eng u
020 ## - INTERNATIONAL STANDARD BOOK NUMBER
International Standard Book Number 1903909082
035 ## - SYSTEM CONTROL NUMBER
System control number (Sirsi) u120756
041 ## - LANGUAGE CODE
Language code of text/sound track or separate title eng.
050 ## - LIBRARY OF CONGRESS CALL NUMBER
Classification number 333.33
-- 18
100 ## - MAIN ENTRY--PERSONAL NAME
Personal name Davies, Andrew
245 #2 - TITLE STATEMENT
Title A straightforward guide to buying and selling a home in Britain and France
260 ## - PUBLICATION, DISTRIBUTION, ETC.
Place of publication, distribution, etc. London
Name of publisher, distributor, etc. Straightforward Publishing
Date of publication, distribution, etc. 2002
300 ## - PHYSICAL DESCRIPTION
Extent ix, 121p.
Dimensions 22cm.
350 ## - PRICE (NR) (BK AM CF MU VM SE) [OBSOLETE]
Price 8.99
490 ## - SERIES STATEMENT
Series statement Straightforward Guides
520 ## - SUMMARY, ETC.
Summary, etc. A practical guide to the processes involved in buying a home in Britain and France, which is aimed at both the layperson and the professional. Chapters cover the following topics: looking for a property, the role of estate agents, dealing with intermediaries, buying over the internet, arranging a mortgage, and building a property in Britain and France.
650 ## - SUBJECT ADDED ENTRY--TOPICAL TERM
Topical term or geographic name entry element FRANCE
650 ## - SUBJECT ADDED ENTRY--TOPICAL TERM
Topical term or geographic name entry element BRITAIN
650 ## - SUBJECT ADDED ENTRY--TOPICAL TERM
Topical term or geographic name entry element PROPERTY-RESIDENTIAL PROPERTY-ACQUISITION AND DISPOSAL OF RESIDENTIAL PROPERTY
650 ## - SUBJECT ADDED ENTRY--TOPICAL TERM
Topical term or geographic name entry element PROPERTY-RESIDENTIAL PROPERTY-ACQUISITION AND DISPOSAL OF RESIDENTIAL PROPERTY
690 ## - LOCAL SUBJECT ADDED ENTRY--TOPICAL TERM (OCLC, RLIN)
Topical term or geographic name as entry element HOUSING
942 ## - ADDED ENTRY ELEMENTS (KOHA)
Suppress in OPAC 0
Holdings
Withdrawn status Lost status Source of classification or shelving scheme Damaged status Not for loan Home library Current library Shelving location Date acquired Cost, normal purchase price Total Checkouts Full call number Barcode Date last seen Date last checked out Copy number Cost, replacement price Price effective from Koha item type
    Dewey Decimal Classification     London London Books 25/02/2003 8.99 8 333.33 DAV 30068411 06/08/2019 14/06/2005 2 8.99 06/08/2019 Book